Missing Word: 1990 Movies Quiz Stats

 Plays Quiz Updated Nov 3, 2012

Support Sporcle.
Go Orange.
Score 0/20 Timer 04:00
0 Plays Today
Hint Answer % Correct
_____ AloneHome
98.8%
Teenage Mutant _____ TurtlesNinja
98.2%
_____ ScissorhandsEdward
97.8%
Pretty _____Woman
95.9%
_____ RecallTotal
94.5%
The Hunt for _____ OctoberRed
92.7%
Kindergarten _____Cop
90.1%
_____ With WolvesDances
89.4%
_____ TracyDick
81.6%
Quigley Down _____Under
69.6%
Hint Answer % Correct
Days of _____Thunder
66%
Presumed _____Innocent
65.7%
Joe Versus the _____Volcano
63.3%
_____ Madly DeeplyTruly
59%
Reversal of _____Fortune
58.6%
White Hunter _____ HeartBlack
49.1%
The _____ JakesTwo
43.2%
_____ at HeartWild
26.9%
_____ WarrantDeath
23.1%
Fire _____Birds
2.7%

Today's Daily Dose

Missing Word
'80s Musicals

Word Ladder
Hereditary

Get the Picture
Food Names

From the Vault

Who's That Roman God?

by Thebiguglyalien

Finally reading all those Percy Jackson books will pay off.
Remove Ads.
Support Sporcle.
Get the best of Sporcle when you Go Orange. This ad-free experience offers more features, more stats, and more fun while also helping to support Sporcle. Thank you for becoming a member.

Show Comments

Extras

Top Quizzes Today


Score Distribution

Your Account Isn't Verified!

In order to create a playlist on Sporcle, you need to verify the email address you used during registration. Go to your Sporcle Settings to finish the process.

Report this User

Report this user for behavior that violates our Community Guidelines.

Details: